Produkt cestovného ruchu vo vybranej lokalite bakalárska práca

Salvato in:
Dettagli Bibliografici
Autore principale: Klein, Richard
Ente Autore: Obchodná fakulta EU. Katedra služieb a cestovného ruchu - zrušené
Altri autori: Zemanová, Lenka, 1995-
Natura: Libro
Lingua:slovacco
Pubblicazione: Bratislava 2022
Tags: Aggiungi Tag
Nessun Tag, puoi essere il primo ad aggiungerne!!

MARC

LEADER 00000nbm a2200000 4500
001 0287506
005 20221205131946.4
041 0 |a slo 
044 |a SK 
245 1 0 |a Produkt cestovného ruchu vo vybranej lokalite  |b bakalárska práca  |c Richard Klein ; školiteľ: Lenka Zemanová 
264 1 |a Bratislava  |c 2022 
300 |a 52 s. 
100 1 |a Klein, Richard 
700 1 |a Zemanová, Lenka, 1995- 
710 2 |a Obchodná fakulta EU. Katedra služieb a cestovného ruchu - zrušené